000 00579nam a22001937a 4500
005 20140320122037.0
010 _aENG-109179
020 _a9788128005800
_c195.00
035 _aEN-92712
037 _bDBAD/PUB
082 _a004.076
100 _aRaveesh Mayya K.
245 _aBlitz :
_cby Raveesh Mayya K.
_bthe IT quiz book /
250 _a4th rev & enl. ed
260 _bSapna Book House
_c2012
_aBangalore
270 _bBangalore
_e560009
_a3rd Main Road, Gandhinagar
300 _axiii,367p. :
_c22cm(pbk)
_bill.
942 _2ddc
_cEN
_mRAV
_h004.076
999 _c82169
_d82169